Twist and Shout - The Beatles (all lyrics) - Statistics

General Stats
  • This quiz has been taken 145 times
  • The average score is 153 of 179
Answer Stats
Lyrics % Correct
a
100%
Twist
100%
twist
100%
and
99%
And
99%
shout
99%
baby
95%
Baby
95%
now
95%
on
95%
Come
94%
come
94%
it
94%
You
90%
you
90%
shake
86%
know
83%
so
81%
out
80%
work
76%
me
75%
good
71%
fine
70%
little
70%
Well
69%
look
68%
up
68%
that
67%
you're
66%
let
65%
mine
65%
closer
63%
goin'
62%
got
62%
Just
59%
like
59%
knew
58%
girl
57%
would
56%
honey
15%
woo
13%
wow
3%
No matching quizzes found
Score Distribution
Percent of People with Each Score
Percentile by Number Answered
Your Score History
You have not taken this quiz